Vzdelanie a vzdelávanie ako celoživotný proces diplomová práca

Guardado en:
Detalles Bibliográficos
Autor principal: Šergovičová, Gabriela
Autor Corporativo: Národohospodárska fakulta EU. Katedra sociálneho rozvoja a práce
Otros Autores: Konečný, Stanislav
Formato: Libro
Lenguaje:eslovaco
Publicado: Bratislava 2015
Etiquetas: Agregar Etiqueta
Sin Etiquetas, Sea el primero en etiquetar este registro!

MARC

LEADER 00000nbm a2200000 4500
001 0201103
005 20161212095531.9
041 0 |a slo 
044 |a SK 
245 1 0 |a Vzdelanie a vzdelávanie ako celoživotný proces  |b diplomová práca  |c Gabriela Šergovičová ; školiteľ: Stanislav Konečný 
264 1 |a Bratislava  |c 2015 
300 |a 74 s. 
100 1 |a Šergovičová, Gabriela 
700 1 |a Konečný, Stanislav 
710 2 |a Národohospodárska fakulta EU. Katedra sociálneho rozvoja a práce